|
|
|
|
| LEADER |
01065nam a2200301 a 4500 |
| 001 |
3786845 |
| 008 |
091115s2003 ilua b 001 0 eng d |
| 010 |
|
|
|a 84013800
|
| 020 |
|
|
|a 003025809x
|
| 020 |
|
|
|a 0324171730
|
| 020 |
|
|
|a 0030632048
|
| 040 |
|
|
|a DLC
|c DLC
|d DLC
|
| 082 |
0 |
0 |
|a 332.6
|2 22
|
| 100 |
1 |
|
|a Reilly, Frank K.
|
| 245 |
1 |
0 |
|a Investment analysis and portfolio management /
|c Frank K. Reilly & Keith C. Brown
|
| 250 |
|
|
|a 6th ed.
|
| 260 |
|
|
|a Australia :
|b Thomson /south-western,
|c c2003.
|
| 300 |
|
|
|a xvi (various pagins) :
|b ill. ;
|c 25 cm.
|
| 504 |
|
|
|a Includes bibliographies and indexes.
|
| 541 |
1 |
|
|e 00015838
|
| 650 |
|
0 |
|a Investments.
|
| 650 |
|
0 |
|a Investment analysis.
|
| 650 |
|
0 |
|a Portfolio management.
|
| 700 |
1 |
|
|a Brown, Keith C.
|
| 852 |
4 |
|
|a Ayesha Abed Library
|j General Shelf.
|
| 942 |
0 |
0 |
|0 1
|
| 999 |
|
|
|c 5537
|d 5537
|
| 952 |
|
|
|0 0
|1 0
|2 ddc
|4 0
|6 332_600000000000000_REI
|7 0
|9 5413
|a BRACUL
|b BRACUL
|c GEN
|d 2009-11-16
|g 0.00
|l 8
|m 65
|o 332.6 REI
|p 3010015838
|r 2019-07-25
|s 2019-07-03
|t 1
|w 2009-11-16
|y BK
|x No price found in the accession register.
|